| 000 | 00664nam a2200193 4500 | ||
|---|---|---|---|
| 001 | 135840 | ||
| 003 | ES-MaACL | ||
| 005 | 20230906194953.0 | ||
| 007 | t| | ||
| 008 | 070214s1999 sp r ||||1| spa d | ||
| 100 | 1 |
_aRousseau, Jean-Jacques. _9100055 |
|
| 245 | 1 | 0 |
_aDiscurso sobre el origen de la desigualdad entre los hombres / _cJean-Jacques Rousseau ; traducción de José López y López ; introducción de Jean Starobinski. |
| 250 | _a1ª. ed. | ||
| 260 |
_aMadrid : _bAguilar, _c1973. |
||
| 300 |
_aXLVI, 139 p. ; _c19 cm. |
||
| 700 | 1 |
_aLópez y López, José. _974035 |
|
| 700 | 1 |
_aStarobinski, Jean. _9107937 |
|
| 852 |
_aES-MaACL _jC-52847 _bR.86234 |
||
| 999 |
_c135840 _d135840 |
||